000 00503nam a22001937a 4500
003 OSt
008 251202b |||||||| |||| 00| 0 eng d
082 _a634.75
_bS11F
100 _aSadanand, Gogate Supriya.
245 _aForaging Behaviour Honey Bees on Strawberry (Fragaria ananassa Duch.)
260 _a.- Pusa, Samastipur
_b: RAU
_c, 2011
300 _a55p.
650 _aEntomology
650 _aHoney Bees
650 _aStrawberry
650 _aThesis
650 _aM. Sc.
942 _2ddc
_cT
999 _c49272
_d49272